000 00544nam a22001817a 4500
003 NUST
005 20260217161318.0
008 260217b ||||| |||| 00| 0 eng d
020 _a978-1000970548
082 _a910.285
_bLIN
100 _a Lingbo Liu, Fahui Wang.
_9133313
245 _aComputational Methods and GIS Applications in Social Science - Lab Manual /
_c Lingbo Liu, Fahui Wang.
250 _a1st Edition.
260 _aOxon:
_bCRC Press,
_c2023.
300 _axviii, 261 p ;
_c36.00 cm
563 _aHardcover
942 _2ddc
_cBK
999 _c616288
_d616288